| 000 | 00000nam 2200000zi 4500 |
| 001 | 9.804880 |
| 003 | CaOODSP |
| 005 | 20250115105537 |
| 006 | m go d f |
| 007 | cr ||||||||||| |
| 008 | 151023t20182015onca||| o f001 0 fre d |
| 020 | |a9780660036366|qPDF|z0-660-03635-9 |
| 040 | |aCaOODSP|bfre|erda|cCaOODSP |
| 043 | |an-cn--- |
| 086 | 1 |aNR24-28/2015F-PDF |
| 245 | 00|aCode national du bâtiment - Canada 2015. |
| 250 | |aQuatorzième édition. |
| 264 | 1|aOttawa : |bConseil national de recherches du Canada, |c2018. |
| 264 | 4|c©2015 |
| 300 | |a1 ressource en ligne (1 volume (pagination multiple)) : |billustrations |
| 336 | |atexte|btxt|2rdacontent/fre |
| 337 | |ainformatique|bc|2rdamedia/fre |
| 338 | |aressource en ligne|bcr|2rdacarrier/fre |
| 500 | |aPublié aussi en anglais sous le titre : National building code of Canada 2015. |
| 500 | |aTitre de la couverture. |
| 500 | |a« Deuxième impression, comprend les révisions et les errata publiés le 28 septembre 2018. » |
| 692 | 07|2gccst|aIndustrie de la construction |
| 692 | 07|2gccst|aNorme |
| 710 | 2 |aInstitut de recherche en construction (Canada). |
| 775 | 08|tNational building code of Canada 2015.|w(CaOODSP)9.804878 |
| 776 | 0#|tCode national du bâtiment - Canada 2015 |w(CaOODSP)9.804879 |
| 794 | |tCode national du bâtiment - Canada 2020 / |w(CaOODSP)9.897529 |
| 795 | |tCode national du bâtiment - Canada, 2010 / |w(CaOODSP)9.946901 |
| 856 | 40|qPDF|s23.55 Mo|uhttps://publications.gc.ca/collections/collection_2019/cnrc-nrc/NR24-28-2018-fra.pdf |